The free Negro in ante-bellum Louisiana /

Bibliographic Details
Main Author: Sterkx, H. E.
Format: Book
Language:English
Published: Rutherford [N.J.] : Fairleigh Dickinson University Press, [1972]
Subjects:

MARC

Tag First Indicator Second Indicator Subfields
LEADER 00000cam a2200000 4500
001 in00000264113
005 20151010052325.0
008 720414s1972 njua b 00110 eng
010 |a  76146165  
020 |a 0838678378  |c $12.00 
035 |a (OCoLC)00315285 
035 |9 ABB9968AM 
040 |a DLC  |c DLC  |d TXA  |d UtOrBLW 
043 |a n-us-la 
049 |a TXAM  |c [1015465] 
050 0 0 |a E185.93.L6  |b S7 
082 0 |a 301.45/19/60730763 
100 1 |a Sterkx, H. E. 
245 1 4 |a The free Negro in ante-bellum Louisiana /  |c [by] H. E. Sterkx. 
264 1 |a Rutherford [N.J.] :  |b Fairleigh Dickinson University Press,  |c [1972] 
300 |a 346 pages :  |b illustrations ;  |c 22 cm. 
336 |a text  |b txt  |2 rdacontent 
337 |a unmediated  |b n  |2 rdamedia 
338 |a volume  |b nc  |2 rdacarrier 
504 |a Bibliography: pages 316-337. 
650 0 |a African Americans  |z Louisiana. 
650 0 |a Freedmen  |z Louisiana. 
999 |a MARS 
999 f f |s 9494ac24-e932-3218-831b-f8e16467f13b  |i 9926afd9-76ab-390f-b97d-d87029233479  |t 0 
952 f f |p ric  |a Texas A&M University  |b Rellis Campus  |c Joint Library Facility  |d Remote Storage  |t 0  |e E185.93.L6 S7  |h Library of Congress classification  |i unmediated -- volume  |m A14802192745 
998 f f |a E185.93.L6 S7  |t 0  |l Remote Storage